| 000 | 01551nam a2200337 a 4500 | ||
|---|---|---|---|
| 001 | BRCA_3198 | ||
| 005 | 20190320204146.0 | ||
| 008 | 180209s1731----enka---###---#000-0#eng-u | ||
| 041 | _aeng | ||
| 044 | _aenk | ||
| 084 |
_a499 _b.W36 _c1731 |
||
| 100 | 1 |
_aCervantes Saavedra, Miguel de _d1547-1616 _9213 |
|
| 245 | 1 | 0 |
_aThe History of the Valorous and Witty Knight-Errant Don Quixote de la Mancha _cwritten in spanish by Michael Cervantes. |
| 260 |
_aLondres _bJ. Walthoe _c1731 |
||
| 300 |
_a4 v. _bil. _c17 cm. |
||
| 500 | _aContenido : v 1. Primera parte. Dedicatoria del traductor. Versos preliminares. Prólogo del autor. Texto. -- v 2. Texto. -- v 3. Segunda parte. Texto. -- v 4. Texto | ||
| 500 | _aEdición : Traslated into English by Thomas Shelton and now Print Verbatim from the 4a ed. of 1620. With a Curios sett of New Cuts, from the French of Coypel | ||
| 500 | _aEjemplar igual al LO-498. Piel Lúdovik Osterc | ||
| 500 | _aEstado físico : El volumen 1 de esta edición presenta la cubierta desprendida | ||
| 500 | _aQM407 | ||
| 546 | _aTexto en : inglés | ||
| 650 | 1 | 4 |
_aNovela española _yÉpoca clásica, 1500-1700 _9215 |
| 650 | 1 | 4 |
_aLiteratura española _yÉpoca clásica, 1500-1700 _9216 |
| 650 | 1 | 4 |
_aNovela española _ySiglo XVII _9217 |
| 650 | 1 | 4 |
_aDon Quijote (Personaje ficticio) _eNovela _9218 |
| 700 | 1 |
_aShelton, Thomas _d?-1626 _eTraductor _98569 |
|
| 700 | 1 |
_aCoypel, Charles-Antone _d1694-1752 _eTraductor _98570 |
|
| 740 | 0 | _aEl Ingenioso Hidalgo Don Quijote de la Mancha | |
| 902 | _aQFM | ||
| 942 |
_2lcc _cB |
||
| 999 |
_c2934 _d2934 |
||